| 000 | 00346nam a22001457a 4500 | ||
|---|---|---|---|
| 003 | SGT | ||
| 020 | _a9789384961589 | ||
| 082 |
_a346.082 _bKAN |
||
| 100 | _aKANT , ANJANI | ||
| 245 | _aLECTURES ON BANKING LAW FOR LAW STUDENTS | ||
| 250 | _a4 | ||
| 260 |
_aALLAHABAD _bCENTRAL LAW PUBLISHER _c2016 |
||
| 300 | _aXXXII ,444 | ||
| 942 |
_2ddc _cBK _011 |
||
| 999 |
_c23068 _d23068 |
||